Bremen Booklet 2 classical Collecting area (Record no. 2357)
[ view plain ]
| 000 -LEADER | |
|---|---|
| fixed length control field | 00287nam a22000977a 4500 |
| 008 - FIXED-LENGTH DATA ELEMENTS--GENERAL INFORMATION | |
| fixed length control field | 170410b xxu||||| |||| 00| 0 eng d |
| 100 ## - MAIN ENTRY--AUTHOR'S NAME | |
| Author's Name | Kalotay, Paul |
| 245 ## - TITLE STATEMENT | |
| Title | Bremen Booklet 2 classical Collecting area |
| 260 ## - PUBLICATION, DISTRIBUTION, ETC. (IMPRINT) | |
| Place of publication, distribution, etc. | Salzburg, austria |
| Name of publisher, distributor, etc. | author |
| Date of publication, distribution, etc. | 1947 |
| 650 ## - TOPICAL TERM (Tag) | |
| Topical term or geographic name | Germany - States and Cities |
| Withdrawn status | Lost status | Source of classification or shelving scheme | Damaged status | Koha normalized classification for sorting | Not for loan | Collection code | Permanent Location | Current Location | Shelving location | Date acquired | Total Checkouts | Full call number | Barcode | Date last seen | Copy number | Price effective from |
|---|---|---|---|---|---|---|---|---|---|---|---|---|---|---|---|---|
| G6081 C614 K148 | Al Hyman | Northern Philatelic Library | Northern Philatelic Library | General Stacks | 04/10/2017 | G6081 C614 K148 | 1003105 | 04/10/2017 | 1 | 04/10/2017 |